| 000 | nam a22 7a 4500 | ||
|---|---|---|---|
| 999 |
_c30356 _d30356 |
||
| 008 | 190520b xxu||||| |||| 00| 0 eng d | ||
| 040 | _amksu | ||
| 050 |
_aZ 6293 _b.K4 2002 |
||
| 100 | _a Kenyatta University. Postgraduate Seminar | ||
| 245 |
_a10th Postgraduate Seminar abstracts : _b14th October-17th October 2002 / _c Kenyatta University. Postgraduate Seminar. |
||
| 260 |
_aKenya. _bKenyatta University, _c2002. |
||
| 300 |
_a165p. ; _c20cm. |
||
| 650 | _aKenyatta University | ||
| 650 | _aDissertations, Academic. | ||
| 942 |
_2lcc _cBOOKS _hZ 6293 .K4 2002 |
||